00421 2200157 4500001002100000005001500021035002000036245008700056100001700143300001200160260003500172082000800207084001400215020002200229990001200251INLIS00000000000182720250507074247 a0010-05250001191 aAnda Harus Tahu ! Makanan-Makanan Pemicu Penyakit Kanker & Jantung /cHamid Bahari0 aHamid Bahari a140 hlm aYogyakarta :bBuku Biru,c2013 a600 a600 HAM a a978-602-7933-30-9 a0754729